Paroles - Dadju - Ma vie - Statistiques

Statistiques générales
  • Ce quiz a été pris 1 174 fois
  • Le résultat moyen est 185 sur 221
Statistiques - réponses
Réponse % Correct
ma
99%
Ma
99%
vie
99%
De
98%
de
98%
détruit
97%
Détruit
97%
T'as
95%
t'as
95%
ce
94%
que
94%
Que
94%
te
94%
à
91%
a
91%
Je
90%
je
90%
le
90%
fait
88%
ça
87%
la
86%
du
85%
J'ai
85%
j'ai
85%
me
85%
Est
84%
Qu'est
84%
qu'un
84%
C'est
83%
c'est
83%
Mais
83%
tête
83%
sur
82%
dans
81%
tu
81%
vitre
81%
coeur
80%
vos
80%
des
79%
envie
79%
mon
79%
plus
79%
morceau
78%
dernier
77%
et
77%
qu'une
77%
suis
77%
Triste
77%
d'éclater
76%
film
76%
lit
76%
m'avoir
76%
pris
76%
fils
75%
jusqu'au
75%
têtes
75%
films
73%
J'me
73%
avec
72%
dire
71%
moi
71%
quand
71%
calme
70%
c'était
70%
mille
70%
pas
70%
possible
70%
tapé
70%
t'y
69%
d'être
68%
penses
68%
peux
68%
quel
68%
serein
68%
dormir
67%
Dis
66%
qu'il
66%
T'es
66%
un
66%
préféré
65%
Pour
64%
J'essaye
63%
mieux
63%
n'ai
63%
point
63%
regrettes
63%
savoir
63%
t'aime
63%
t'imagines
63%
erreur
62%
malhonnête
62%
Une
62%
veux
62%
fruit
61%
même
61%
quelqu'un
61%
dise
60%
d'une
60%
faire
58%
supplice
58%
injustice
57%
subir
57%
voulais
56%
toute
55%
nue
54%
Aucun quiz correspondant
Distribution des résultats
% des personnes avec chaque résultat
Percentile par nombre de réponses
Votre historique - résultats
Vous n’avez pas pris ce quiz